Todos los sencillos N°1 de Taylor Swift - Estadísticas

Estadísticas generales
  • Esta prueba ha sido intentada 129 veces
  • La puntuación promedio es 9 de 10
Estadísticas de respuestas
Año Álbum Respuesta % Correcto
2014 1989 Shake It Off
94%
2020 Folklore Cardigan
91%
2022 Midnights Anti-Hero
89%
2017 Reputation Look What YouMade Me Do
88%
2014 1989 Blank Space
86%
2024 The TorturedPoets Department Fortnight
85%
2020 Evermore Willow
85%
2023 Lover Cruel Summer
84%
2012 Red We Are Never EverGetting Back Together
80%
2015 1989 Bad Blood
77%
No se encontraron pruebas coincidentes
Distribución de puntuación
Porcentaje de gente con cada puntuación
Porcentaje por número respondido
Historial de tus puntuaciones
No has intentado esta prueba.